Statistiques concernant Focus sur: Tar-Palantir - Tolkien

Cliquez ici pour prendre le quiz!

Statistiques générales

  • Ce quiz a été pris 13 fois
  • Le résultat moyen est 6 sur 12

Statistiques - réponses

Informations recherchéesRéponses% Correct
Age durant lequel il vécutDeuxième
92%
EspèceHomme
92%
Profession et titreRoi de Númenor
92%
Première apparitionLe Silmarillion
85%
ContréeNúmenor
85%
LignéeNúmenor
85%
FilleTar-Míriel
38%
FrèreGimilkhâd
15%
PèreAr-Gimilzôr
8%
Autre nomAr-Inziladûn
8%
MèreInzilbêth
8%
SurnomLe {Clairvoyant}/La {Longue-Vue}
8%

Distribution des résultats

Percentile par nombre de réponses

% des personnes avec chaque résultat

Votre développement - résultats

Vous n’avez pas pris ce quiz